| 000 | 00891nam a22001337a 4500 | ||
|---|---|---|---|
| 040 | _cRUA | ||
| 082 | _aAVM CHH 2010 B094 Or.1 | ||
| 100 | _aCHHIN, PHOUTA. | ||
| 245 | _aStudy on growth rate of avian by adding kapok and cassava leaves in cp feed of royal university of agriculture, សិក្សាទៅលើការលូតលាស់របស់មាន់សាច់ AVIAN ដោយបន្ថែមស្លឹកគ និងស្លឹកដំឡូងមីទៅលើចំណីរបស់ក្រុមហ៊ុនស៊ីភី នៅស្ថានីយ៏ពិសោធន៏សត្វ នៃសាកលវិទ្យាល័យភូមិន្ទកសិកម្ម | ||
| 260 |
_aPhnom Penh _bRUA _c2010 |
||
| 300 |
_aix; 50p. _bill. _c29cm. |
||
| 856 | _uhttps://drive.google.com/file/d/10dUSxzuymNlKThz1y7wdMzMo7PifPaes/view?usp=sharing | ||
| 942 | _cAVM | ||
| 999 |
_c2367 _d2367 |
||